India's development experience (Record no. 355527)

000 -LEADER
fixed length control field 00331cam a22001217a 4500
008 - FIXED-LENGTH DATA ELEMENTS--GENERAL INFORMATION
fixed length control field 180718b1985 xxu||||| |||| 00| 0 eng d
082 ## - DEWEY DECIMAL CLASSIFICATION NUMBER
Classification number T000x54 T348
100 ## - MAIN ENTRY--PERSONAL NAME
Personal name Thimmaiah, G.
245 ## - TITLE STATEMENT
Title India's development experience
Statement of responsibility, etc. by G. Thimmaiah
260 ## - PUBLICATION, DISTRIBUTION, ETC.
Place of publication, distribution, etc. Delhi
Name of publisher, distributor, etc. Ashish
Date of publication, distribution, etc. 1985
300 ## - PHYSICAL DESCRIPTION
Extent 78p.
650 ## - SUBJECT ADDED ENTRY--TOPICAL TERM
Topical term or geographic name entry element Economic planning - India
Holdings
Withdrawn status Lost status Damaged status Not for loan Permanent Location Current Location Date acquired Full call number Barcode Date last seen Price effective from Koha item type Source of classification or shelving scheme
        Indian Institute of Public Administration Indian Institute of Public Administration 1993-12-22 T000x54 T348 61528 2018-07-21 2018-07-21 Book  
        Indian Institute of Public Administration Indian Institute of Public Administration 2021-01-19 T000x54 T348 GR22244/C.2 2021-01-19 2021-01-19 GR  

Powered by Koha